En tela de juicio justicia penal, homicidios célebres y opinión pública (México, siglo XX) (Record no. 172688)

MARC details
000 -LEADER
fixed length control field 00986nam a22001937a 4500
005 - DATE AND TIME OF LATEST TRANSACTION
control field 20260306125210.0
008 - FIXED-LENGTH DATA ELEMENTS--GENERAL INFORMATION
fixed length control field 260305b mx ||||| |||| 00| 0 spa d
020 ## - INTERNATIONAL STANDARD BOOK NUMBER
International Standard Book Number 9788413136042
050 04 - LIBRARY OF CONGRESS CALL NUMBER
Classification number KGF5404
Item number S64 2020
100 1# - MAIN ENTRY--PERSONAL NAME
Personal name Speckman, Elisa (Speckman Guerra),
Relator term autor
245 10 - TITLE STATEMENT
Title En tela de juicio justicia penal, homicidios célebres y opinión pública (México, siglo XX)
Statement of responsibility, etc / Elisa Speckman Guerra
260 ## - PUBLICATION, DISTRIBUTION, ETC. (IMPRINT)
Place of publication, distribution, etc Ciudad de México :
Name of publisher, distributor, etc Tirant lo Blanch : Universidad Nacional Autónoma de México, Instituto de Investigaciones Históricas,
Date of publication, distribution, etc 2020
300 ## - PHYSICAL DESCRIPTION
Extent 639 páginas :
Other physical details ilustraciones, tablas, fotografías en blanco y negro, facsímiles ;
Dimensions 24 cm
490 #0 - SERIES STATEMENT
Series statement Historia del derecho en América Latina
500 ## - GENERAL NOTE
General note Incluye bibliografía: páginas 550-576
650 #7 - SUBJECT ADDED ENTRY--TOPICAL TERM
Source of heading or term lemb
Topical term or geographic name as entry element Administración de justicia penal
Geographic subdivision México
General subdivision Opinión pública
-- Historia
Chronological subdivision Siglo XX
650 #7 - SUBJECT ADDED ENTRY--TOPICAL TERM
Source of heading or term lemb
Topical term or geographic name as entry element Asesinato
Geographic subdivision México
General subdivision Opinión pública
-- Historia
Chronological subdivision Siglo XX
942 ## - ADDED ENTRY ELEMENTS (KOHA)
Source of classification or shelving scheme Biblioteca del Cogreso de los Estados Unidos
Koha item type Libro
Holdings
Estado de pérdida Fuente de clasificación Estado del daño No para préstamo Ubicación permanente Ubicación actual Apartado o colección Fecha de adquisición Fuente de adquisición Edición Dependencia de educación superior (DES) Área del conocimiento Total Checkouts Clasificación Código de Barras Date last seen Número de copia Costo por reposición Tipo de recurso
  Biblioteca del Cogreso de los Estados Unidos     Biblioteca del Instituto de Investigaciones Históricas Biblioteca del Instituto de Investigaciones Históricas General 05/03/2026 Proyecto de Investigación 1a ed. Humanidades Ciencias Sociales y Administrativas   KGF5404 S64 2020 IIH000037917 05/03/2026 1 1.00 Libro